|
|
|
|
| LEADER |
00000nam a2200000 a 4500 |
| 001 |
vtls001078082 |
| 003 |
SK-MaSNL |
| 005 |
20260223211426.0 |
| 008 |
250414s1995 xo 0 slo |
| 015 |
|
|
|a SNBA1995/03
|
| 020 |
|
|
|a 8096731254
|
| 035 |
|
|
|a SNK000020917
|
| 040 |
|
|
|a SNK
|b slo
|c SNK
|e AACR2
|
| 041 |
0 |
|
|a slo
|
| 044 |
|
|
|a xo
|c SK
|
| 080 |
|
|
|a 657.11(035)
|2 1981
|
| 245 |
0 |
0 |
|a Postupy účtovania v sústave jednoduchého účtovníctva
|b Zákon o účtovníctve
|
| 250 |
|
|
|a 1. vyd.
|
| 260 |
|
|
|a Prievidza
|b ALFA print
|c 1995
|e Prievidza
|f Patria
|
| 300 |
|
|
|a 66 s.
|b Index kľúčových slov
|c 20 cm
|
| 500 |
|
|
|a Sadzba: HZ Prievidza
|
| 852 |
|
|
|a Slovenská národná knižnica
|
| 919 |
|
|
|a 80-967312-5-4
|
| 958 |
|
|
|a APR
|
| 958 |
|
|
|a TL
|
| 999 |
|
|
|c 705613
|d 707543
|
| 952 |
|
|
|t P60, <04>, [BOOK], {604}
|a SNK
|b SNK
|y VYP
|7 0
|p 17A0057660
|o snkSC 87754 D1
|0 0
|1 0
|4 0
|d 1997-04-08
|l 0
|r 2004-12-31 00:00:00
|w 2026-02-23
|
| 952 |
|
|
|a SNK
|b SNK
|y PREZ
|7 0
|p 17A0995797
|o snkSC 87754
|0 0
|1 0
|4 0
|d 2012-08-28
|l 0
|r 2026-02-23 21:14:26
|w 2026-02-23
|